| 000 | 00625nam a2200181Ia 4500 | ||
|---|---|---|---|
| 008 | 151202s9999||||xx |||||||||||||| ||und|| | ||
| 082 | _bPNVM-37305 | ||
| 100 | _aभारत सरकार नियोजन. | ||
| 245 | _aभारतीय संसद. | ||
| 260 | _bभारतसरकार प्रकाशन विभाग. | ||
| 260 | _c1988 | ||
| 300 | _a62 | ||
| 600 | _aभारत सरकार नियोजन. | ||
| 630 | _aभारतीय संसद. | ||
| 700 | _aभारत सरकार नियोजन. | ||
| 730 | _aभारतीय संसद. | ||
| 942 | _cBOOK | ||
| 999 |
_c1303257 _d1303254 |
||